000 00543nam a2200217 a 4500
001 0001-2162
003 ELIB.Books
008 190725 2010 eng
020 _a0687020891
092 _a262
_bLeb
100 _aLebacqz, Karen.
245 _aWord, Worship, World, and Wonder
260 _aNavpress
_bAbingdon Press
_c1997
300 _a103
_c23cm
650 _aChurch
856 _nKBTS Library
_uKBTS Elib
942 _2ddc
_cBK
990 _a1
998 _aEnglishbooks.elf
_ccat
_e2019-07-25
999 _c12162
_d12162